[Event "19th Dubai Open 2017"]
[Site "masterchessopen.com Dubai UAE"]
[Date "2017.04.03"]
[Round "1.10"]
[White "Rakhmanov,Ale"]
[Black "Yohan,J"]
[Result "1-0"]
[WhiteElo "2665"]
[BlackElo "2164"]

1.c4 e6 2.d4 d5 3.Nc3 Nf6 4.cxd5 exd5 5.Bg5 Be7 6.e3 h6 7.Bh4 c6 8.Bd3 Nbd7
9.f3 Ne4 10.Bxe7 Nxc3 11.Bxd8 Nxd1 12.Rxd1 Kxd8 13.Ne2 Re8 14.Kf2 Nf6 15.b4
Bd7 16.Rb1 Re7 17.Nc3 Kc7 18.a4 Rae8 19.Rhe1 Kb8 20.Rb3 b6 21.Rb2 g5 22.Rc2 h5
23.Na2 Rc8 24.Rec1 Rce8 25.b5 cxb5 26.Nb4 bxa4 27.Ba6 Re6 28.Rc7 b5 29.Rb7+
Ka8 30.Rcc7 Rb6 31.Rxb6 axb6 32.Bb7+ Kb8 33.Na6+ Ka7 34.Bc8+ Ka8 35.Bxd7 Nxd7
36.Rxd7 a3 37.Nc7+ Kb8 38.Nxb5 {#r} 1-0

[Event "19th Dubai Open 2017"]
[Site "masterchessopen.com Dubai UAE"]
[Date "2017.04.03"]
[Round "1.11"]
[White "Harini,S"]
[Black "Amin,B"]
[Result "0-1"]
[WhiteElo "2150"]
[BlackElo "2663"]

1.e4 c6 2.d4 d5 3.exd5 cxd5 4.c4 Nf6 5.Nc3 g6 6.Qb3 Bg7 7.cxd5 O-O 8.Nge2 Na6
9.g3 Qb6 10.Qxb6 axb6 11.Bg2 Nb4 12.O-O Rd8 13.d6 Rxd6 14.Bf4 Rd7 15.Rfd1 Nfd5
16.Bd2 Rd8 17.a3 Nxc3 18.bxc3 Nc6 19.Bf4 Bg4 20.f3 Be6 21.Bc7 Rd7 22.Bxb6 Bc4
23.Kf2 Ra6 24.Bc5 b6 25.Bb4 Rda7 26.Rab1 Nxb4 27.axb4 Ra2 28.Bf1 e5 29.dxe5
Bxe5 30.Rbc1 R7a3 31.Ke3 Bxe2 32.Bxe2 Bxc3 33.Bd3 Bxb4 34.h4 h5 35.Ke4 Bc5
36.Bc4 {#R} 0-1

[Event "19th Dubai Open 2017"]
[Site "masterchessopen.com Dubai UAE"]
[Date "2017.04.03"]
[Round "1.12"]
[White "Mareco,S"]
[Black "Marcos,M"]
[Result "1-0"]
[WhiteElo "2655"]
[BlackElo "2149"]

1.c4 c6 2.d4 d5 3.Nc3 Nf6 4.Nf3 a6 5.c5 Bf5 6.Bf4 Nbd7 7.e3 e6 8.Qb3 Qc8 9.Nh4
Bg6 10.h3 Be7 11.Nxg6 hxg6 12.Bd3 Bd8 13.O-O-O Bc7 14.Bg5 e5 15.f3 O-O 16.g4
Re8 17.Kb1 Ba5 18.Ne2 e4 19.fxe4 Nxe4 20.Bxe4 Rxe4 21.Rdf1 Rb8 22.Ng3 Re8
23.e4 Bc7 24.exd5 Bxg3 25.d6 Re6 26.Qxg3 b6 27.Qf3 Nf6 28.Bxf6 gxf6 29.Re1
bxc5 30.dxc5 Qe8 31.Rxe6 Qxe6 32.Rd1 Qe5 33.b3 Kg7 34.d7 Qe7 35.Qxc6 Qe3
36.Qd5 {#r} 1-0

[Event "19th Dubai Open 2017"]
[Site "masterchessopen.com Dubai UAE"]
[Date "2017.04.03"]
[Round "1.14"]
[White "Oleksiyenko,Mykhaylo"]
[Black "Maroroa,S"]
[Result "1-0"]
[WhiteElo "2643"]
[BlackElo "2148"]

1.e4 e5 2.Nf3 Nc6 3.Bb5 a6 4.Ba4 Nf6 5.O-O b5 6.Bb3 Bc5 7.c3 d6 8.a4 Rb8 9.d4
Bb6 10.a5 Ba7 11.h3 O-O 12.Be3 exd4 13.cxd4 Nxe4 14.Qc2 Qe8 15.Nc3 Nf6 16.Rfe1
Qd7 17.Ng5 Qf5 18.Qd2 Nb4 19.Ne2 c5 20.dxc5 Bxc5 21.Nxf7 Rxf7 22.Bxc5 Qxc5
23.Rac1 Ne4 24.Bxf7+ Kxf7 25.Qf4+ Qf5 26.Rxc8 Qxf4 27.Rc7+ Kf6 28.Nxf4 Nc5
29.Ree7 g6 30.Rxh7 g5 31.Rh6+ Ke5 32.Re7+ Kxf4 33.Rf6# 1-0

[Event "19th Dubai Open 2017"]
[Site "masterchessopen.com Dubai UAE"]
[Date "2017.04.03"]
[Round "1.15"]
[White "Dutta,J"]
[Black "Salgado Lopez,I"]
[Result "0-1"]
[WhiteElo "2145"]
[BlackElo "2641"]

1.d4 f5 2.Nc3 Nf6 3.Bg5 d5 4.e3 e6 5.Nf3 Nc6 6.g4 fxg4 7.Ne5 Be7 8.Bb5 O-O
9.Bxc6 bxc6 10.Nxc6 Qe8 11.Nxe7+ Qxe7 12.Qd2 Bd7 13.Rg1 Rab8 14.b3 Qa3 15.Bxf6
Rxf6 16.Rxg4 Rh6 17.Rg2 Be8 18.f4 c5 19.Kf2 Bg6 20.Na4 cxd4 21.Qxd4 Qe7
22.Rag1 Rc8 23.c3 Rc7 24.Ke1 Be4 25.Rf2 Rh5 26.Rg3 Rf5 27.b4 Rc4 28.Qd2 Rf7
29.Rg5 Bf5 30.Nb2 Rc8 31.Qd4 h6 32.Rg3 Be4 33.Rg1 Rf5 34.Rg3 e5 35.fxe5 Rxf2
36.Kxf2 Rf8+ 37.Ke1 Qf7 38.Nd1 Qf1+ 39.Kd2 Qh1 {#R} 0-1

[Event "19th Dubai Open 2017"]
[Site "masterchessopen.com Dubai UAE"]
[Date "2017.04.03"]
[Round "1.17"]
[White "Kurbanov,D"]
[Black "Zhigalko,S"]
[Result "0-1"]
[WhiteElo "2133"]
[BlackElo "2639"]

1.e4 c5 2.Nf3 d6 3.d4 cxd4 4.Nxd4 Nf6 5.Nc3 a6 6.Bg5 Nbd7 7.f4 Qc7 8.Qf3 h6
9.Bh4 g5 10.Bg3 gxf4 11.Bxf4 e5 12.Be3 exd4 13.Bxd4 Bg7 14.Bb5 axb5 15.O-O Ne5
16.Qg3 Nh5 17.Qh4 Ng6 18.Qxh5 Bxd4+ 19.Kh1 Bxc3 20.bxc3 Ne5 21.Rf6 Bg4 {#R}
0-1

[Event "19th Dubai Open 2017"]
[Site "masterchessopen.com Dubai UAE"]
[Date "2017.04.03"]
[Round "1.18"]
[White "Yilmaz,M"]
[Black "Vantika,Agrawal"]
[Result "1-0"]
[WhiteElo "2614"]
[BlackElo "2130"]

1.d4 Nf6 2.c4 g6 3.Nf3 Bg7 4.g3 O-O 5.Bg2 d6 6.O-O Nc6 7.Nc3 a6 8.b3 Rb8 9.d5
Na5 10.Bg5 c5 11.dxc6 Nxc6 12.Rc1 Bd7 13.e4 Bg4 14.h3 Bxf3 15.Qxf3 Qa5 16.Bd2
Nd7 17.Rfd1 f5 18.Be1 Qc5 19.exf5 Rxf5 20.Qe2 Nd4 21.Qxe7 Ne5 22.Ne4 Qb6
23.Qxd6 Nec6 24.c5 Qa7 25.Rxd4 Bxd4 26.g4 Rff8 27.Ng5 Rbd8 28.Bd5+ Kh8 29.Qc7
b6 30.Qxa7 Nxa7 31.Nf7+ Rxf7 32.Bxf7 bxc5 33.Bc4 Nb5 34.a4 Nd6 35.Bxa6 Rb8
36.Rb1 c4 37.Rd1 cxb3 38.Rxd4 b2 39.Bd3 b1=Q 40.Bxb1 Rxb1 41.Kf1 Nb7 42.Rb4
Rxb4 43.Bxb4 Nd8 44.a5 Nc6 45.a6 Kg7 46.Bc5 Kf6 47.a7 Nxa7 48.Bxa7 h5 49.gxh5
gxh5 50.Kg2 {#r} 1-0

[Event "19th Dubai Open 2017"]
[Site "masterchessopen.com Dubai UAE"]
[Date "2017.04.03"]
[Round "1.19"]
[White "Gangozo,Rolando F."]
[Black "Gupta,Ab"]
[Result "0-1"]
[WhiteElo "2124"]
[BlackElo "2607"]

1.d4 Nf6 2.Nf3 e6 3.g3 c5 4.Bg2 cxd4 5.Nxd4 d5 6.c4 e5 7.Nf3 d4 8.O-O Nc6
9.Bg5 Be7 10.Nbd2 O-O 11.Qc2 Be6 12.a3 Rc8 13.b4 a6 14.Bxf6 Bxf6 15.Rac1 g6
16.Rfd1 Bg7 17.c5 f5 18.h4 h6 19.Nc4 e4 20.Nfd2 d3 21.exd3 Nd4 22.Qb1 Ne2+
23.Kf1 Nxc1 24.Rxc1 f4 25.gxf4 Rxf4 26.Nxe4 Qxh4 27.Rc2 Rcf8 28.Qe1 Bd4 29.f3
Bxc4 30.Rxc4 Rxf3+ {#R} 0-1

[Event "19th Dubai Open 2017"]
[Site "masterchessopen.com Dubai UAE"]
[Date "2017.04.03"]
[Round "1.20"]
[White "Bok,B"]
[Black "Feldman,V"]
[Result "1-0"]
[WhiteElo "2605"]
[BlackElo "2121"]

1.e4 c5 2.Nc3 g6 3.Nf3 Bg7 4.d4 cxd4 5.Nxd4 Nc6 6.Be3 Nf6 7.Bc4 O-O 8.Bb3 d6
9.f3 Bd7 10.Qd2 Nxd4 11.Bxd4 b5 12.a4 b4 13.Nd5 Nxd5 14.Bxg7 Kxg7 15.exd5 Qb6
16.h4 h5 17.O-O-O Rac8 18.Rde1 Bf5 19.Kb1 Rc7 20.g4 hxg4 21.fxg4 Bxg4 22.h5
Bf5 23.hxg6 fxg6 24.Qg5 a5 25.Rxe7+ Rxe7 26.Qxe7+ Rf7 27.Qh4 Rf8 28.Qh6+ Kf7
29.Re1 Qd8 30.Qh7+ Kf6 31.Qa7 Rh8 32.Qd4+ Kf7 33.Re6 Rh3 34.Ka2 Rh4 35.Qa7+
Kg8 36.Re7 Qf8 37.Rb7 Bc8 38.Rb8 Rh7 39.Qxa5 {#r} 1-0

[Event "19th Dubai Open 2017"]
[Site "masterchessopen.com Dubai UAE"]
[Date "2017.04.03"]
[Round "1.21"]
[White "Kavinda,A"]
[Black "Mchedlishvili,M"]
[Result "0-1"]
[WhiteElo "2121"]
[BlackElo "2602"]

1.Nf3 c5 2.g3 g6 3.Bg2 Bg7 4.d4 cxd4 5.Nxd4 Nc6 6.Nb3 d6 7.O-O h5 8.Nc3 h4
9.Nd5 Nf6 10.c4 hxg3 11.hxg3 Bd7 12.Bg5 Nh7 13.Be3 Qc8 14.c5 e6 15.Nc3 d5
16.Qd2 Nf6 17.Bg5 O-O 18.e4 Nxe4 19.Bxe4 dxe4 20.Nxe4 f6 21.Rad1 Be8 22.Nd6
Qd7 23.Bh6 e5 24.Kg2 Nd8 25.Na5 Nf7 26.Bxg7 Kxg7 27.Nxe8+ Qxe8 28.Nxb7 Qb5
29.Qd7 Qxb2 30.c6 Qb4 31.f3 Rac8 32.Rh1 e4 33.Rhe1 exf3+ 34.Kxf3 Qb5 35.Re7
Rxc6 36.Nd6 Rc3+ 37.Kg2 Qb2+ 38.Kf1 Rf3+ {#R} 0-1

[Event "19th Dubai Open 2017"]
[Site "masterchessopen.com Dubai UAE"]
[Date "2017.04.03"]
[Round "1.22"]
[White "Adly,A"]
[Black "Cholleti,S"]
[Result "1-0"]
[WhiteElo "2597"]
[BlackElo "2120"]

1.Nf3 c5 2.g3 d5 3.Bg2 Nf6 4.c4 d4 5.e3 e6 6.O-O Nc6 7.exd4 cxd4 8.d3 Bd6
9.Na3 O-O 10.Re1 Re8 11.Bd2 e5 12.Qc2 a5 13.c5 Bc7 14.Nb5 h6 15.Rac1 Be6 16.b3
Nd5 17.a3 Qd7 18.Nxc7 Qxc7 19.Qb1 f6 20.b4 axb4 21.axb4 b5 22.Nh4 Ra4 23.f4
Nc3 24.Bxc3 dxc3 25.Bxc6 Qxc6 26.fxe5 fxe5 27.Rxc3 Qd5 28.Re4 Rea8 29.Rc1 Ra2
30.Rce1 Bh3 31.Qd1 R8a3 32.Qh5 Qxd3 33.Qxe5 Ra8 34.Nf5 Bxf5 35.Qxf5 {#r} 1-0

[Event "19th Dubai Open 2017"]
[Site "masterchessopen.com Dubai UAE"]
[Date "2017.04.03"]
[Round "1.23"]
[White "Mendonca,Leon Luke"]
[Black "Tari,A"]
[Result "0-1"]
[WhiteElo "2110"]
[BlackElo "2597"]

1.Nf3 d5 2.g3 g6 3.c4 dxc4 4.Na3 Bg7 5.Bg2 Nc6 6.Nxc4 e5 7.d3 e4 8.dxe4 Qxd1+
9.Kxd1 Nf6 10.Ne3 Nxe4 11.Rf1 O-O 12.Nd2 Nxd2 13.Bxd2 Nd4 14.Nd5 Bg4 15.f3 Bd7
16.Nc3 Rfe8 17.Re1 Bc6 18.e4 Rad8 19.Kc1 f5 20.Be3 b5 21.Bxd4 Bxd4 22.Kc2 b4
23.Nd5 Ba4+ 24.b3 Bxa1 25.Rxa1 Rxd5 26.exd5 Re2+ 27.Kd3 Bb5+ 28.Kd4 Rxg2
29.Rc1 Rd2+ 30.Ke5 c6 31.dxc6 Ba6 32.Rc5 Rxa2 33.Kd6 Kf7 34.Kc7 Ra3 35.Kb8
Rxb3 36.c7 Rc3 37.Ra5 b3 38.Rxa6 Rxc7 39.Ra3 b2 40.Rb3 Rc2 41.Kxa7 Rxh2 42.Kb6
Rg2 43.f4 Rxg3 44.Rxb2 Rf3 45.Kc5 Rxf4 46.Rb7+ Kg8 47.Kd5 Re4 {#R} 0-1

[Event "19th Dubai Open 2017"]
[Site "masterchessopen.com Dubai UAE"]
[Date "2017.04.03"]
[Round "1.24"]
[White "Indjic,A"]
[Black "Baivab,M"]
[Result "1-0"]
[WhiteElo "2589"]
[BlackElo "2105"]

1.d4 d5 2.c4 dxc4 3.Nf3 a6 4.e3 b5 5.a4 Bb7 6.b3 e6 7.bxc4 bxc4 8.Bxc4 Nf6
9.Nbd2 Nbd7 10.Qb3 Ra7 11.O-O Be7 12.Re1 c5 13.Bb2 O-O 14.e4 cxd4 15.Bxd4 Bc5
16.Bxc5 Nxc5 17.Qe3 Qe7 18.Nd4 Ba8 19.f3 Rc7 20.Bf1 Bb7 21.Nc4 Nfd7 22.a5 Rd8
23.Rec1 Nb8 24.Rab1 Nc6 25.Nxc6 Bxc6 26.Nb6 Bb7 27.e5 Rc6 28.Nc4 Ba8 29.Nd6
Nd7 30.Rxc6 Bxc6 31.f4 Nb8 32.Qb6 g5 33.f5 exf5 34.Qxb8 Be4 35.Rb7 Bxb7
36.Qxb7 Qxe5 37.Qxf7+ Kh8 38.Nxf5 Qc5+ 39.Kh1 Qf8 40.Qc7 h6 41.Qc3+ Kh7 42.Bd3
Rd7 43.Ne7+ {#r} 1-0

[Event "19th Dubai Open 2017"]
[Site "masterchessopen.com Dubai UAE"]
[Date "2017.04.03"]
[Round "1.26"]
[White "Abasov,N"]
[Black "Salah,R"]
[Result "1-0"]
[WhiteElo "2588"]
[BlackElo "2096"]

1.Nf3 Nf6 2.g3 d5 3.Bg2 Bf5 4.O-O h5 5.d3 e6 6.Bg5 Be7 7.Nbd2 Nbd7 8.Re1 e5
9.Bxf6 Bxf6 10.e4 dxe4 11.Nxe4 Be7 12.d4 exd4 13.Nxd4 Bg6 14.Nc3 c6 15.Bxc6
Kf8 16.Bxd7 Qxd7 17.Ne6+ Qxe6 18.Rxe6 fxe6 19.Qf3+ Bf7 20.Rd1 h4 21.Rd7 hxg3
22.hxg3 Rc8 23.Ne4 Rxc2 24.Nd6 {#r} 1-0

[Event "19th Dubai Open 2017"]
[Site "masterchessopen.com Dubai UAE"]
[Date "2017.04.03"]
[Round "1.27"]
[White "Berezina,I"]
[Black "Antipov,M2"]
[Result "0-1"]
[WhiteElo "2088"]
[BlackElo "2586"]

1.d4 Nf6 2.c4 e6 3.Nf3 Bb4+ 4.Bd2 a5 5.g3 b6 6.Bg2 Bb7 7.O-O O-O 8.Nc3 Ne4
9.Qc2 Nxd2 10.Nxd2 Nc6 11.e3 Re8 12.Rad1 Bf8 13.a3 Qc8 14.Rfe1 d6 15.Bh3 Qd8
16.d5 Ne5 17.f4 Nd7 18.Nf3 e5 19.Ne4 Nc5 20.Nxc5 bxc5 21.fxe5 dxe5 22.Rf1 g6
23.e4 a4 24.Rd3 Kg7 25.Ne1 Bd6 26.Rdf3 Rf8 27.Ng2 Qe7 28.Ne3 h5 29.Qf2 Qg5
30.Bd7 f5 31.h4 Qf6 32.Qc2 f4 33.Qc3 Rad8 34.Be6 Rb8 35.Nd1 Ba6 36.Qc2 c6
37.Qxa4 cxd5 38.Qd7+ Be7 39.Bxd5 Bc8 40.Qa7 Bg4 41.R3f2 Bh3 {#R} 0-1

[Event "19th Dubai Open 2017"]
[Site "masterchessopen.com Dubai UAE"]
[Date "2017.04.03"]
[Round "1.28"]
[White "Can,E"]
[Black "Priyanka,Nutakki"]
[Result "1-0"]
[WhiteElo "2578"]
[BlackElo "2084"]

1.d4 Nf6 2.c4 g6 3.Nc3 d5 4.cxd5 Nxd5 5.Bd2 Bg7 6.e4 Nb6 7.Be3 O-O 8.Bb5 Bd7
9.Be2 Nc6 10.f4 Na5 11.Bf2 Rc8 12.Nf3 c5 13.dxc5 Nac4 14.Rc1 Nxb2 15.Qb3 N6a4
16.Nxa4 Bxa4 17.Qa3 Qa5+ 18.Kf1 Rfd8 19.Be1 Qc7 20.e5 Nd1 21.Qxa4 Ne3+ 22.Kf2
Ng4+ 23.Kg3 {#r} 1-0

[Event "19th Dubai Open 2017"]
[Site "masterchessopen.com Dubai UAE"]
[Date "2017.04.03"]
[Round "1.30"]
[White "Lalith,B"]
[Black "Pranav,Anand"]
[Result "1-0"]
[WhiteElo "2571"]
[BlackElo "2083"]

1.Nf3 Nf6 2.c4 e6 3.g3 d5 4.Bg2 Be7 5.d4 dxc4 6.O-O a6 7.a4 c5 8.dxc5 Qxd1
9.Rxd1 Nc6 10.Nbd2 Bxc5 11.Nxc4 Ng4 12.Nd6+ Bxd6 13.Rxd6 Bd7 14.b3 O-O-O
15.Bb2 f6 16.Rc1 Kb8 17.Nd4 Nxd4 18.Rxd4 e5 19.Rb4 Bc8 20.Rxc8+ Kxc8 21.Bxb7+
Kc7 22.Bxa6 Nh6 23.Rb7+ Kc6 24.Rxg7 Rd1+ 25.Kg2 Rb1 26.Bb7+ Kb6 27.Bc3 Rxb3
28.a5+ Kc5 29.Rc7+ Kd6 30.Rc6+ Kd7 31.Rxf6 Ng4 32.Rf7+ Ke6 33.Rc7 Kd6 34.Rc6+
Kd7 35.Rc4 Ne3+ 36.fxe3 Rxb7 37.Bxe5 Re8 38.Bd4 Re6 39.Bb6 Kd6 40.Ra4 Re8
41.Bd4 Rf7 42.a6 Ref8 43.e4 Re8 44.a7 Rff8 45.Ra6+ Kd7 46.e5 Kc7 47.Rf6 Rxf6
48.exf6 Rxe2+ 49.Kf3 Re8 50.Bc5 Re6 {#r} 1-0

[Event "19th Dubai Open 2017"]
[Site "masterchessopen.com Dubai UAE"]
[Date "2017.04.03"]
[Round "1.32"]
[White "Fier,A"]
[Black "Gagare,Shal"]
[Result "1-0"]
[WhiteElo "2562"]
[BlackElo "2077"]

1.d4 Nf6 2.c4 e6 3.Nf3 d5 4.Nc3 Be7 5.Bf4 O-O 6.e3 Nbd7 7.c5 Nh5 8.Bd3 Nxf4
9.exf4 c6 10.Qc2 h6 11.O-O b6 12.b4 bxc5 13.bxc5 Qa5 14.Rfe1 Bf6 15.Rac1 Ba6
16.g4 Bxd3 17.Qxd3 g6 18.f5 exf5 19.gxf5 g5 20.Ne5 Qc7 21.Ng4 Qf4 22.Qh3 Bg7
23.Ne2 Qe4 24.Rc3 Kh7 25.Re3 Qxf5 26.Ng3 Qg6 27.Re7 f5 28.R1e6 Qxe6 29.Rxe6
fxg4 30.Qxg4 Rf4 31.Rxh6+ Bxh6 32.Qxd7+ Bg7 33.Nh5 Rg8 34.Nxf4 gxf4 35.Qf5+
Kh8 36.Qh5+ Bh6+ 37.Kf1 Kh7 38.Qf5+ Rg6 39.h4 Kg7 40.Qd7+ Kg8 41.h5 Rf6
42.Qxa7 f3 43.Qe7 Bg7 44.Qc7 Re6 45.Qc8+ Kf7 46.Qd7+ Kf6 47.a4 Bh6 48.a5 Bd2
49.Qxe6+ Kxe6 50.a6 {#r} 1-0

[Event "19th Dubai Open 2017"]
[Site "masterchessopen.com Dubai UAE"]
[Date "2017.04.03"]
[Round "1.34"]
[White "Pichot,A"]
[Black "Tarini,Goyal"]
[Result "1-0"]
[WhiteElo "2556"]
[BlackElo "2077"]

1.e4 c5 2.Nf3 Nc6 3.Bb5 d6 4.O-O Bd7 5.Re1 Nf6 6.c3 a6 7.Bf1 Bg4 8.h3 Bxf3
9.Qxf3 g6 10.d3 Bg7 11.Be3 Nd7 12.Nd2 O-O 13.Qd1 b5 14.Nf3 Nb6 15.d4 cxd4
16.cxd4 Rc8 17.b3 Qc7 18.Rc1 Qb7 19.d5 Nb8 20.Qd2 N6d7 21.Nd4 Nc5 22.Bh6 b4
23.Nf5 Bxh6 24.Qxh6 gxf5 25.exf5 f6 26.Rc4 Rf7 27.Rg4+ Kh8 28.Re3 Rg8 29.Rxg8+
Kxg8 30.Rg3+ Kh8 31.Qh5 Rf8 32.Qg4 e5 33.fxe6 a5 34.h4 Qe7 35.h5 f5 36.Qd4+
Rf6 37.h6 Nxe6 38.dxe6 Nc6 39.Qd5 Nd8 40.Bc4 Rxh6 41.Qd4+ Rf6 42.Qxf6+ Qxf6
43.e7 {#r} 1-0

[Event "19th Dubai Open 2017"]
[Site "masterchessopen.com Dubai UAE"]
[Date "2017.04.03"]
[Round "1.38"]
[White "Karthikeyan,P2"]
[Black "Sameir,R"]
[Result "1-0"]
[WhiteElo "2507"]
[BlackElo "2062"]

1.d4 d5 2.c4 dxc4 3.Nf3 Nf6 4.e3 b5 5.a4 b4 6.Bxc4 e6 7.O-O Be7 8.a5 Nbd7 9.a6
O-O 10.Nbd2 c5 11.Nb3 Nb6 12.Be2 cxd4 13.Nbxd4 Qd5 14.Nb5 Qc5 15.Qd4 Rd8
16.Qxc5 Bxc5 17.Bd2 Ne4 18.Rfc1 Rxd2 19.Nxd2 Nxd2 20.Rxc5 Nb3 21.Rd1 Bxa6
22.Rc7 Nd5 23.Rc2 g6 24.Bc4 Bxb5 25.Bxb5 Na5 26.Ba6 b3 27.Rc5 {#r} 1-0

[Event "Karpos Open 2017"]
[Site "masterchessopen.com Skopje MKD"]
[Date "2017.04.03"]
[Round "4.5"]
[White "Erdogdu,M"]
[Black "Ter Sahakyan,S"]
[Result "0-1"]
[WhiteElo "2446"]
[BlackElo "2581"]

1.Nf3 d5 2.d4 Nf6 3.Bf4 c5 4.e3 Nc6 5.Nbd2 e6 6.c3 cxd4 7.exd4 Nh5 8.Bg5 f6
9.Be3 Bd6 10.g3 O-O 11.Bg2 f5 12.Ng5 Nf6 13.f4 Ne4 14.O-O a5 15.a4 b6 16.Ndxe4
fxe4 17.Qh5 h6 18.Nxe4 dxe4 19.Bxe4 Bd7 20.Qg6 Qf6 21.Qh7+ Kf7 22.f5 e5
23.dxe5 Nxe5 24.Bd5+ Ke7 25.Bxa8 Rxa8 26.Rae1 Bc6 27.Bd4 Kd7 28.Re3 Re8
29.Rfe1 Nf3+ 30.Kf2 Nxd4 31.Rxe8 Nxf5 32.R8e6 Bc5+ {#R} 0-1

[Event "Karpos Open 2017"]
[Site "masterchessopen.com Skopje MKD"]
[Date "2017.04.03"]
[Round "4.8"]
[White "Georgiev,Ki"]
[Black "Paszewski,M"]
[Result "1-0"]
[WhiteElo "2633"]
[BlackElo "2309"]

1.c4 c6 2.Nf3 d5 3.e3 Nf6 4.Nc3 e6 5.b3 Bd6 6.Bb2 O-O 7.Qc2 e5 8.cxd5 cxd5
9.Nb5 Nc6 10.Nxd6 Qxd6 11.d4 Nb4 12.Qd1 e4 13.Ne5 Bf5 14.a3 Nc6 15.Be2 Rfc8
16.O-O Ne7 17.a4 Ne8 18.h3 f6 19.Ba3 Qd8 20.Ng4 Rc7 21.Qd2 Kf7 22.Rfc1 Rac8
23.Nh2 Nd6 24.Nf1 Be6 25.Ng3 Rc6 26.Nh5 R8c7 27.Nf4 Nec8 28.Rc5 b6 29.Rxd5
Bxd5 30.Nxd5 Rd7 31.Qa2 Ne7 32.b4 Ke8 33.b5 Rc8 34.Nf4 Qc7 35.Rc1 Qb8 36.Rc6
Nf7 37.Bg4 f5 38.Bxe7 Rxe7 39.Bxf5 Rxc6 40.bxc6 Qd6 41.Qc4 g6 42.Bxe4 Rc7
43.Ne6 Rc8 44.c7 Kd7 45.Bb7 {#r} 1-0

[Event "Karpos Open 2017"]
[Site "masterchessopen.com Skopje MKD"]
[Date "2017.04.03"]
[Round "4.10"]
[White "Petrosyan,M"]
[Black "Klek,H"]
[Result "1-0"]
[WhiteElo "2546"]
[BlackElo "2376"]

1.d4 Nf6 2.c4 e6 3.Nf3 d5 4.Nc3 Be7 5.Bf4 O-O 6.Rc1 c5 7.dxc5 Bxc5 8.e3 Nc6
9.a3 a6 10.cxd5 exd5 11.Bd3 d4 12.Ne2 Bb6 13.Nfxd4 Nxd4 14.Nxd4 Bxd4 15.exd4
Re8+ 16.Be5 Bg4 17.f3 Bh5 18.O-O Nd7 19.Bg3 Qb6 20.Rf2 Nf8 21.d5 Rac8 22.Rxc8
Rxc8 23.h3 f6 24.Kh2 Bf7 25.d6 Be6 26.Re2 Kf7 27.f4 f5 28.Rxe6 Nxe6 29.Bxf5
Rc5 30.Bf2 Nxf4 31.d7 {#r} 1-0

[Event "Karpos Open 2017"]
[Site "masterchessopen.com Skopje MKD"]
[Date "2017.04.03"]
[Round "4.12"]
[White "Livaic,Leon"]
[Black "Petrov,Vl5"]
[Result "1-0"]
[WhiteElo "2460"]
[BlackElo "2353"]

1.d4 Nf6 2.c4 e6 3.Nf3 b6 4.Bf4 Bb7 5.e3 Be7 6.Nc3 Nh5 7.Bd3 d6 8.O-O g5
9.Nxg5 Nxf4 10.exf4 Bxg5 11.fxg5 Qxg5 12.Be4 Bxe4 13.Nxe4 Qf4 14.Re1 Nd7
15.Qa4 Kd8 16.Re3 Rg8 17.Qc6 Rc8 18.Rae1 h5 19.Rg3 Rg4 20.h4 Rxg3 21.fxg3 Qg4
22.Kh2 Qf5 23.Ng5 Qf2 24.Qe4 c5 25.Re2 Qxd4 26.Nxf7+ Kc7 27.Qxe6 Nf6 28.Nh6
Kb8 29.Qf7 Rc7 30.Qg6 Qxc4 31.Rf2 Ne4 32.b3 Qd4 33.Rf8+ Kb7 34.Nf5 Qe5 35.Re8
Qf6 36.Qxh5 d5 37.Ne3 Rd7 38.Nxd5 Qd4 39.Rxe4 Qxe4 40.Nf6 Qd4 41.Nxd7 Qxd7
42.Qg5 Kc6 43.h5 b5 44.Qg6+ Kd5 45.Qd3+ {#r} 1-0

[Event "Karpos Open 2017"]
[Site "masterchessopen.com Skopje MKD"]
[Date "2017.04.03"]
[Round "4.13"]
[White "Gokerkan,Cem Kaan"]
[Black "Goryachkina,A"]
[Result "0-1"]
[WhiteElo "2280"]
[BlackElo "2452"]

1.e4 e6 2.d4 d5 3.Nd2 c5 4.exd5 Qxd5 5.Ngf3 cxd4 6.Bc4 Qd7 7.O-O Nc6 8.Nb3 a6
9.Nbxd4 Nxd4 10.Nxd4 Qc7 11.Qe2 Bd6 12.Kh1 Ne7 13.Bg5 O-O 14.Rad1 e5 15.Nf3
Bg4 16.Rfe1 Rac8 17.Bxe7 Qxe7 18.Bb3 Kh8 19.h3 Bxf3 20.Qxf3 f5 21.Qd5 Bb8
22.f4 e4 23.g3 Ba7 24.Kg2 Rcd8 25.Qa5 Bc5 26.c3 g5 27.fxg5 b6 28.Qxa6 Qxg5
29.Rxd8 Rxd8 30.Qc4 f4 31.g4 Qh4 32.Qf1 Qg3+ 33.Kh1 Rd2 {#R} 0-1

[Event "Karpos Open 2017"]
[Site "masterchessopen.com Skopje MKD"]
[Date "2017.04.03"]
[Round "4.18"]
[White "Sadikhov,U"]
[Black "Veselinov,Dimcho"]
[Result "1-0"]
[WhiteElo "2453"]
[BlackElo "2181"]

1.e4 e6 2.b3 d5 3.Bb2 c5 4.exd5 exd5 5.Nf3 a6 6.Bd3 Qe7+ 7.Be2 Nf6 8.O-O Qd6
9.d4 b6 10.dxc5 bxc5 11.c4 Be7 12.Be5 Qc6 13.cxd5 Nxd5 14.Bxg7 Rg8 15.Ne5 Qd6
16.Nc4 Qd7 17.Bf3 Rxg7 18.Bxd5 Ra7 19.Nb6 Qc7 20.Nxc8 Qxc8 21.Re1 Kf8 22.Nc3
Bf6 23.Qf3 Bd4 24.Re2 Nd7 25.Rae1 Nf6 26.Ne4 Nxe4 27.Rxe4 Rg5 28.Rf4 Rg7 29.h4
Qd8 30.Bc6 Re7 31.Rxe7 Kxe7 32.Re4+ Kd6 33.Re8 {#r} 1-0

[Event "Karpos Open 2017"]
[Site "masterchessopen.com Skopje MKD"]
[Date "2017.04.03"]
[Round "4.19"]
[White "Stopa,Ja"]
[Black "Ilic,Ljubo"]
[Result "1-0"]
[WhiteElo "2451"]
[BlackElo "2180"]

1.f4 c5 2.Nf3 Nc6 3.g3 g6 4.Bg2 Bg7 5.O-O e6 6.d3 Nge7 7.e4 O-O 8.c3 d6 9.a4
a6 10.g4 f5 11.gxf5 gxf5 12.Be3 c4 13.Na3 cxd3 14.Qxd3 fxe4 15.Qxe4 Nf5 16.Bf2
h6 17.Rad1 Qf6 18.Qe2 d5 19.Nc2 Bd7 20.Rd3 Kh8 21.b3 b5 22.c4 bxc4 23.bxc4
Rae8 24.Ne3 Ncd4 25.Nxd4 Nxd4 26.Qd1 Qxf4 27.Nxd5 Ne2+ 28.Qxe2 exd5 29.Qa2 Bg4
30.Be3 Qxc4 31.Qd2 Rxf1+ 32.Bxf1 Rf8 33.Bxh6 Rxf1+ 34.Kxf1 Bf5 35.Bxg7+ Kg8
36.Ke2 Bxd3+ 37.Qxd3 Qg4+ 38.Kf2 Kxg7 39.Qg3 Qxg3+ 40.Kxg3 Kf6 41.Kf4 a5
42.Ke3 Kg7 {#r} 1-0

[Event "Karpos Open 2017"]
[Site "masterchessopen.com Skopje MKD"]
[Date "2017.04.03"]
[Round "4.20"]
[White "Percivaldi,Martin"]
[Black "Petrov,G MKD"]
[Result "0-1"]
[WhiteElo "2429"]
[BlackElo "2174"]

1.Nf3 d5 2.g3 Nf6 3.Bg2 Bf5 4.O-O e6 5.d4 Bd6 6.c4 c6 7.Nc3 Nbd7 8.Nd2 O-O
9.e4 dxe4 10.Ndxe4 Nxe4 11.Nxe4 Be7 12.Be3 Nf6 13.Nc3 Qa5 14.h3 Rfd8 15.Qe2
Rd7 16.a3 Rad8 17.g4 Bg6 18.f4 Qa6 19.Rf2 Bb4 20.Na2 Ba5 21.b4 Bb6 22.b5 Qxa3
23.c5 Ba5 24.bxc6 bxc6 25.Bxc6 Bc3 26.Bxd7 Bxa1 27.c6 Nxd7 28.cxd7 Be4 29.Kh2
Rxd7 30.Bc1 Qd3 31.Qxd3 Bxd3 32.Be3 Bxd4 33.Bxd4 Rxd4 34.Rd2 Rd7 35.Nc3 h6
36.g5 hxg5 37.fxg5 Bb5 38.Rb2 a6 39.h4 Rd4 40.Nxb5 axb5 41.Kg3 b4 42.h5 Kh7
43.Rf2 Rd5 44.Kg4 Rf5 45.Rb2 Rb5 46.Rb3 f6 47.gxf6 gxf6 48.Rf3 b3 {#R} 0-1

[Event "Karpos Open 2017"]
[Site "masterchessopen.com Skopje MKD"]
[Date "2017.04.03"]
[Round "4.21"]
[White "Janzelj,Lara"]
[Black "Berzinsh,R"]
[Result "1-0"]
[WhiteElo "2136"]
[BlackElo "2428"]

1.d4 d5 2.Nf3 Nf6 3.c4 dxc4 4.e3 b5 5.a4 b4 6.Bxc4 e6 7.O-O Be7 8.Nbd2 O-O
9.b3 Bb7 10.Bb2 Nbd7 11.Rc1 c5 12.Qe2 cxd4 13.Nxd4 Nc5 14.Rfd1 Rc8 15.N2f3 Qa5
16.Nb5 Nd5 17.Ne5 Ne4 18.Bxd5 exd5 19.Rxc8 Rxc8 20.Qh5 g6 21.Qf3 f6 22.Nd3 Nc3
23.Rc1 Qb6 24.Nd4 a5 25.Qg4 Rc7 26.Nf4 Qd6 27.h4 Qe5 28.Nb5 f5 29.Qg3 Rc8
30.Bxc3 bxc3 31.Nxg6 Qxg3 32.Nxe7+ Kf7 33.fxg3 Kxe7 34.Rxc3 Rxc3 35.Nxc3 Kd6
36.Nb5+ Ke5 37.Kf2 Bc6 38.Nd4 Be8 39.Ke2 Bd7 40.Kd3 Kd6 41.Nf3 Kc5 42.Kc3 Be8
43.Ng5 h6 44.Ne6+ Kd6 45.Nd4 Bd7 46.Nf3 Kc5 {#r} 1-0